[Event "Medellin Flores op 30th"]
[Site "Medellin"]
[Date "2023.08.06"]
[Round "6"]
[White "Correal Gomez, Juana Fernanda"]
[Black "Manrique Bermudez, Josue"]
[Result "1-0"]
[WhiteElo "1738"]
[BlackElo "1470"]
[PlyCount "85"]
[EventDate "2023.08.03"]
[EventType "swiss"]
[EventRounds "9"]
[EventCountry "COL"]
[SourceTitle "EXT 2024"]
[Source "ChessBase"]
[SourceDate "2023.10.10"]
[SourceVersion "1"]
[SourceVersionDate "2023.10.10"]
[SourceQuality "1"]

1. d4 Nf6 2. c4 e6 3. g3 Bb4+ 4. Bd2 Be7 5. Nf3 0-0 6. Bg2 d5 7. 0-0 c5 8. dxc5 Bxc5 9. Qc2 Qc7 10. Bc3 Nbd7 11. Nbd2 b6 12. Rac1 Bb7 13. Bxf6 Nxf6 14. cxd5 Qe7 15. dxe6 Qxe6 16. Ng5 Qe7 17. Bxb7 Qxb7 18. Nde4 Nxe4 19. Qxe4 Qxe4 20. Nxe4 Bd4 21. Rc2 h6 22. e3 Rfe8 23. exd4 Rxe4 24. Rd1 Rd8 25. Rc7 Rexd4 26. Rxd4 Rxd4 27. Rxa7 g5 28. Rb7 Rb4 29. b3 g4 30. Kg2 h5 31. h3 Rb5 32. f3 f5 33. fxg4 fxg4 34. hxg4 hxg4 35. Ra7 Re5 36. Kf2 Rf5+ 37. Kg1 b5 38. Ra5 Kg7 39. a4 Rf3 40. Kg2 bxa4 41. bxa4 Ra3 42. Rg5+ Kf6 43. Rxg4 1-0

[Event "Medellin Flores op 30th"]
[Site "Medellin"]
[Date "2023.08.05"]
[Round "4"]
[White "Correal Gomez, Juana Fernanda"]
[Black "Suaza Builes, Oscar A"]
[Result "1-0"]
[WhiteElo "1738"]
[BlackElo "1421"]
[PlyCount "73"]
[EventDate "2023.08.03"]
[EventType "swiss"]
[EventRounds "9"]
[EventCountry "COL"]
[SourceTitle "EXT 2024"]
[Source "ChessBase"]
[SourceDate "2023.10.10"]
[SourceVersion "1"]
[SourceVersionDate "2023.10.10"]
[SourceQuality "1"]

1. d4 d5 2. c4 c6 3. Nf3 Nf6 4. g3 Bf5 5. Bg2 Qd7 6. Ne5 Qc8 7. cxd5 cxd5 8. Nc3 e6 9. Bd2 a6 10. Rc1 Qd8 11. 0-0 Be7 12. a4 0-0 13. Qb3 Ra7 14. Bg5 Nbd7 15. Nxd7 Nxd7 16. Bxe7 Qxe7 17. e4 dxe4 18. Nxe4 Bxe4 19. Bxe4 Nf6 20. Bg2 Rb8 21. Qb6 Raa8 22. Rc7 Qd8 23. Rfc1 Nd5 24. Bxd5 Qxd5 25. Qb4 h6 26. Qe7 Qf3 27. R1c3 Qd1+ 28. Kg2 Qh5 29. Rf3 Rf8 30. Rxb7 Rae8 31. Qc5 Qg6 32. Qc6 a5 33. Rbxf7 Qxf7 34. Rxf7 Kxf7 35. d5 exd5 36. Qxd5+ Kf6 37. Qxa5 1-0

[Event "Sabaneta op-B 2nd"]
[Site "Sabaneta Antioquia"]
[Date "2023.06.29"]
[Round "3"]
[White "Hernandez Gonzalez, Abraham"]
[Black "Correal Gomez, Juana Fernanda"]
[Result "0-1"]
[WhiteElo "1411"]
[BlackElo "1630"]
[PlyCount "32"]
[EventDate "2023.06.28"]
[EventType "swiss"]
[EventRounds "9"]
[EventCountry "COL"]
[SourceTitle "EXT 2024"]
[Source "ChessBase"]
[SourceDate "2023.10.10"]
[SourceVersion "1"]
[SourceVersionDate "2023.10.10"]
[SourceQuality "1"]

1. e4 c5 2. Nf3 Nc6 3. Bc4 e6 4. 0-0 Nf6 5. Nc3 Be7 6. Nh4 0-0 7. Re1 d5 8. exd5 exd5 9. Bb5 d4 10. Bxc6 bxc6 11. Na4 Nd5 12. Nf3 Bd6 13. d3 Bg4 14. Bg5 Bxf3 15. Bxd8 Bxd1 16. Rexd1 Raxd8 0-1

[Event "Sabaneta op-B 2nd"]
[Site "Sabaneta Antioquia"]
[Date "2023.06.28"]
[Round "1"]
[White "Gonzalez Bolivar, Juan Jose"]
[Black "Correal Gomez, Juana Fernanda"]
[Result "0-1"]
[WhiteElo "1564"]
[BlackElo "1630"]
[PlyCount "100"]
[EventDate "2023.06.28"]
[EventType "swiss"]
[EventRounds "9"]
[EventCountry "COL"]
[SourceTitle "EXT 2024"]
[Source "ChessBase"]
[SourceDate "2023.10.10"]
[SourceVersion "1"]
[SourceVersionDate "2023.10.10"]
[SourceQuality "1"]

1. e4 c5 2. Nf3 Nc6 3. d4 cxd4 4. Nxd4 Nf6 5. Nc3 e5 6. Ndb5 d6 7. Nd5 Nxd5 8. exd5 Ne7 9. c4 Ng6 10. Qa4 Bd7 11. Qb4 Qb8 12. Be3 a6 13. Na3 f5 14. Bb6 Be7 15. g3 e4 16. Bd4 0-0 17. Bh3 Qc8 18. Bg2 Bf6 19. Rd1 Bxd4 20. Rxd4 Rf6 21. 0-0 Ne5 22. f3 exf3 23. Bxf3 f4 24. gxf4 Nxf3+ 25. Rxf3 Qe8 26. Qd2 Qh5 27. Rg3 Re8 28. Rg5 Qh4 29. f5 Re1+ 30. Kg2 Re2+ 31. Qxe2 Qxg5+ 32. Rg4 Qxf5 33. Rg3 Rf7 34. Nc2 Qf6 35. Ne1 Re7 36. Qf2 Qh4 37. b3 Qe4+ 38. Nf3 Bg4 39. h3 Bh5 40. Kh2 Qf4 41. Kg2 Re3 42. Ng1 Qe4+ 43. Kh2 Re1 44. Qb6 Qe7 45. Qa7 h6 46. Qd4 Qf8 47. Qd2 Rd1 48. Qxh6 Qf2+ 49. Kh1 Rxg1+ 50. Rxg1 Bf3+ 0-1